[Event "Reykjavik Open 2026"]
[Site "Reykjavik ISL"]
[Date "2026.03.29"]
[Round "7.5"]
[White "Stefansson, Vignir Vatnar"]
[Black "Kjartansson, Gudmundur"]
[Result "0-1"]
[WhiteTitle "GM"]
[BlackTitle "GM"]
[WhiteElo "2511"]
[BlackElo "2416"]
[WhiteFideId "2308649"]
[BlackFideId "2301318"]
[EventDate "2026.03.25"]

1. d4 Nf6 2. c4 e6 3. Nc3 Bb4 4. e3 O-O 5. a3 Bxc3+ 6. bxc3 d6 7. Bd3 e5 8. Ne2
e4 9. Bb1 Be6 10. Qb3 b6 11. Ng3 Nc6 12. Nxe4 Na5 13. Qc2 Nxe4 14. Qxe4 g6 15.
Ba2 Bxc4 16. Bxc4 Nxc4 17. d5 b5 18. Qd4 Qg5 19. O-O Qe5 20. Qxe5 Nxe5 21. a4 a6
22. e4 Nc4 23. Bh6 Rfe8 24. Rfb1 Rxe4 25. axb5 a5 26. Ra4 f5 27. f3 Nb6 28. Rxa5
Rxa5 29. fxe4 fxe4 30. Rf1 Nd7 31. Re1 Rxb5 32. Rxe4 Ne5 33. Rd4 Rc5 34. Bd2 Rc4
35. Rf4 Rxf4 36. Bxf4 Nc4 37. Kf2 Nb6 38. c4 Nxc4 39. Kf3 Kf7 40. Ke4 Kf6 41. g4
Na5 42. h4 Nb7 43. Bg5+ Kf7 44. h5 Ke8 45. Bf6 Nd8 46. hxg6 hxg6 47. Bg5 Nf7 48.
Bf4 Kd7 49. Kd4 c6 50. dxc6+ Kxc6 51. g5 Nd8 52. Be3 Ne6+ 53. Ke4 Nc5+ 54. Kd4
Kd7 55. Kd5 Ne6 56. Bd2 Nc7+ 57. Kd4 Ke6 58. Bf4 Nd5 59. Bd2 Ne7 60. Bf4 Nc6+
61. Kc4 Ne5+ 62. Kd4 Nf3+ 63. Ke4 Nh4 64. Kd4 Nf5+ 65. Kc4 Ne7 66. Kd4 Nc6+ 67.
Kc4 d5+ 68. Kc5 Ne5 69. Kd4 Nf7 70. Bc1 Nd8 71. Bf4 Nc6+ 72. Kc5 Ne7 73. Kd4
Nf5+ 74. Kc5 Nh4 75. Kd4 Nf3+ 76. Ke3 Ne1 77. Bg3 Nc2+ 78. Kd3 Nb4+ 79. Ke3 Nc6
80. Kf4 Kd6 81. Bf2 d4 82. Ke4 Kc5 83. Be1 Kc4 84. Bd2 Ne7 85. Be1 Nf5 86. Ba5
Ng3+ 87. Kf3 Nf1 88. Ke4 Ne3 89. Bd2 Nf5 90. Ba5 Nh4 91. Be1 d3 92. Ba5 Nf5 93.
Bd2 Ng3+ 94. Ke5 Nf1 95. Be1 Nh2 96. Kf6 Nf3 97. Ba5 Nh4 98. Ke5 Kb3 99. Kd4 0-1

[Event "Reykjavik Open 2026"]
[Site "Reykjavik ISL"]
[Date "2026.03.29"]
[Round "7.6"]
[White "Magold, Filip"]
[Black "Deac, Bogdan-Daniel"]
[Result "0-1"]
[WhiteTitle "IM"]
[BlackTitle "GM"]
[WhiteElo "2484"]
[BlackElo "2655"]
[WhiteFideId "1254456"]
[BlackFideId "1226380"]
[EventDate "2026.03.25"]

1. c4 f5 2. g3 Nf6 3. Bg2 g6 4. Nf3 Bg7 5. O-O d6 6. d4 O-O 7. Nc3 c6 8. b3 Qa5
9. Bb2 e5 10. Qe1 Na6 11. Rd1 Nh5 12. dxe5 dxe5 13. e4 f4 14. Na4 Qxe1 15. Nxe1
g5 16. Nd3 f3 17. Bh1 Bh3 18. Rfe1 Rae8 19. Re3 g4 20. Ndc5 Nxc5 21. Nxc5 Rf7
22. Red3 Nf6 23. Rd8 Rxd8 24. Rxd8+ Rf8 25. Rd1 Re8 26. Nxb7 Nxe4 27. Re1 Re7
28. Nd8 c5 29. Rd1 Bf6 30. a3 Rc7 31. Rd5 h6 32. Rd1 a5 33. a4 h5 34. Rd3 Kh7
35. Ne6 Rc8 36. Rd5 Rb8 37. Rd3 Rc8 38. Rd5 Rb8 39. Rd3 Kg6 40. Nc7 Kf5 41. Nd5
Bg5 42. Bxf3 gxf3 43. Rxf3+ Kg4 44. Rd3 Rf8 45. Nf4 Nxf2 0-1

[Event "Reykjavik Open 2026"]
[Site "Reykjavik ISL"]
[Date "2026.03.29"]
[Round "7.7"]
[White "Tsolakidou, Stavroula"]
[Black "Ivanchuk, Vasyl"]
[Result "0-1"]
[WhiteTitle "IM"]
[BlackTitle "GM"]
[WhiteElo "2479"]
[BlackElo "2624"]
[WhiteFideId "4264312"]
[BlackFideId "14100010"]
[EventDate "2026.03.25"]

1. e4 c5 2. Nf3 Nc6 3. Bb5 g6 4. O-O Bg7 5. Re1 e5 6. Bxc6 dxc6 7. a4 Qe7 8. Na3
Be6 9. d3 f6 10. a5 Nh6 11. Be3 O-O 12. b3 Rfd8 13. Qc1 Nf7 14. Nc4 Bxc4 15.
bxc4 Rd7 16. Qa3 Bf8 17. Nd2 Nd8 18. f4 exf4 19. Bxf4 Ne6 20. Be3 Qd6 21. Nf3
Bg7 22. Rad1 Re8 23. c3 Bf8 24. Qc1 Qc7 25. a6 b5 26. cxb5 cxb5 27. Qb1 Qc6 28.
d4 Qxa6 29. e5 fxe5 30. Nxe5 Rde7 31. d5 Nd8 32. Bf4 Qf6 33. d6 Rxe5 34. Bxe5
Rxe5 35. d7 c4 36. Qc2 Bc5+ 37. Kh1 Be3 38. Rf1 Qe7 39. Qe2 Kg7 40. Qf3 Bb6 41.
Rd5 Re3 42. Qd1 Rxc3 43. Rxb5 Rd3 44. Qc2 Rd4 45. Qc3 Qxd7 46. Qf3 Nf7 47. Re5
Bd8 48. Re2 Rd1 49. Rf2 Rxf1+ 50. Rxf1 Qe6 51. h3 Bf6 52. Qb7 Qb6 53. Qd5 c3 54.
Qc4 a5 55. Rd1 Qb4 56. Qa2 a4 57. Rb1 Qe4 58. Rd1 Nd6 0-1

[Event "Reykjavik Open 2026"]
[Site "Reykjavik ISL"]
[Date "2026.03.29"]
[Round "7.8"]
[White "Sochacki, Christophe"]
[Black "Lagarde, Maxime"]
[Result "1-0"]
[WhiteTitle "GM"]
[BlackTitle "GM"]
[WhiteElo "2459"]
[BlackElo "2618"]
[WhiteFideId "662569"]
[BlackFideId "662399"]
[EventDate "2026.03.25"]

1. Nf3 d6 2. d4 Nf6 3. Nc3 Bf5 4. Nh4 Bd7 5. Nf3 d5 6. Bg5 e6 7. e4 dxe4 8. Nxe4
Bc6 9. Bd3 Nbd7 10. Qe2 Be7 11. h4 h6 12. Bd2 Bxe4 13. Bxe4 Nxe4 14. Qxe4 c6 15.
Qg4 Nf6 16. Qxg7 Rg8 17. Qxh6 Qd5 18. Qe3 Rxg2 19. Qb3 Qe4+ 20. Kf1 Qg4 21. Re1
O-O-O 22. Bg5 Rd5 23. Nh2 Rxf2+ 24. Kxf2 Qxd4+ 25. Kg2 Rxg5+ 26. hxg5 Qd2+ 27.
Kf1 Bc5 28. Qf3 Qxg5 29. Qg2 Qf4+ 30. Nf3 Ng4 31. b3 e5 32. Rh8+ Kc7 33. Rh3 f6
34. Qg3 Ne3+ 35. Rxe3 Qxe3 36. Ne1 Qd4 37. Nd3 Qa1+ 38. Qe1 1-0

[Event "Reykjavik Open 2026"]
[Site "Reykjavik ISL"]
[Date "2026.03.29"]
[Round "7.9"]
[White "Amar, Elham"]
[Black "Batsiashvili, Nino"]
[Result "1/2-1/2"]
[WhiteTitle "GM"]
[BlackTitle "GM"]
[WhiteElo "2581"]
[BlackElo "2472"]
[WhiteFideId "1533533"]
[BlackFideId "13602993"]
[EventDate "2026.03.25"]

1. e4 e5 2. Nf3 Nc6 3. Bb5 a6 4. Ba4 Nf6 5. O-O Be7 6. Re1 b5 7. Bb3 d6 8. c3
O-O 9. h3 Be6 10. d4 Bxb3 11. Qxb3 Qd7 12. Nbd2 Rfe8 13. a4 Rab8 14. d5 Na5 15.
Qc2 Nb7 16. axb5 axb5 17. Nf1 c6 18. dxc6 Qxc6 19. Bg5 Nc5 20. Ng3 g6 21. Rad1
Ne6 22. Be3 b4 23. c4 b3 24. Qd3 Rec8 25. Nd2 Bd8 26. Ra1 Nd7 27. Ne2 Ndc5 28.
Qb1 Na4 29. Rc1 Bb6 30. Bxb6 Rxb6 31. Nf1 Nd4 32. Nxd4 exd4 33. Qd3 Nc5 34. Qxd4
Qxe4 35. Qd2 Qd3 36. Qe1 Qe4 37. Qd2 Qd3 38. Qf4 Qe4 39. Qf6 Qe5 40. Qxe5 dxe5
41. Ne3 Kg7 42. Rd1 e4 43. Ra7 Ra6 44. Rxa6 Nxa6 45. Rd6 Nc5 46. Rb6 f5 47. f4
exf3 48. gxf3 Re8 49. Ng2 Re2 50. Rb5 Na4 51. Rxb3 Rxb2 52. Rxb2 Nxb2 53. c5 Kf6
54. Kh2 Ke5 55. Kg3 Nd3 56. c6 Kd6 57. Kh4 Ne5 58. Kg5 Nxf3+ 59. Kh6 g5 60. Kxh7
Nh4 61. Ne1 g4 62. hxg4 fxg4 63. Kh6 Nf3 64. Kh5 Nxe1 65. Kxg4 Kxc6 1/2-1/2

[Event "Reykjavik Open 2026"]
[Site "Reykjavik ISL"]
[Date "2026.03.29"]
[Round "7.10"]
[White "Panchanathan, Magesh Chandran"]
[Black "Sanal, Vahap"]
[Result "0-1"]
[WhiteTitle "GM"]
[BlackTitle "GM"]
[WhiteElo "2440"]
[BlackElo "2551"]
[WhiteFideId "5007429"]
[BlackFideId "6300545"]
[EventDate "2026.03.25"]

1. c4 e5 2. Nc3 Nf6 3. g3 Bb4 4. Bg2 Bxc3 5. bxc3 O-O 6. Nh3 d6 7. O-O Nc6 8. d3
Bd7 9. f3 Ne8 10. e4 f5 11. c5 dxc5 12. Qb3+ Kh8 13. Qxb7 Rb8 14. Qa6 Nd6 15.
exf5 Rxf5 16. Be3 Nb5 17. Rac1 Ne7 18. Bg5 Rb6 19. Qa5 Qc8 20. Bxe7 Ra6 21. Qxa6
Qxa6 22. g4 Rf7 23. Bxc5 Qxa2 24. Ng5 Rf6 25. Ne4 Ra6 26. f4 exf4 27. Rxf4 h6
28. c4 Qb2 29. Re1 Nd4 30. Rf2 Nc2 31. Ree2 Qa1+ 32. Rf1 Qb2 33. g5 Ra1 34. Rf2
Rxf1+ 35. Rxf1 Kh7 36. Ng3 Be8 37. h4 Qe5 38. Be4+ g6 39. Bf2 hxg5 40. hxg5 Qxg5
41. Rb1 a5 42. Rb8 Bd7 43. Rf8 Kg7 44. Ra8 a4 45. Ra7 Qe5 46. Ra6 Be8 47. Kg2 a3
48. d4 Nxd4 49. Rxa3 Bc6 50. Bxc6 Nxc6 51. Re3 Qb2 52. Re2 Qb3 53. Re4 Qc2 54.
Kg1 Kf7 55. Rf4+ Ke6 56. Re4+ Kd7 57. Be3 Na5 58. c5 Nb3 59. Re5 Qc3 0-1

[Event "Reykjavik Open 2026"]
[Site "Reykjavik ISL"]
[Date "2026.03.29"]
[Round "7.11"]
[White "Cornette, Matthieu"]
[Black "Agmanov, Zhandos"]
[Result "1-0"]
[WhiteTitle "GM"]
[BlackTitle "IM"]
[WhiteElo "2535"]
[BlackElo "2463"]
[WhiteFideId "620084"]
[BlackFideId "13708309"]
[EventDate "2026.03.25"]

1. d4 Nf6 2. c4 e6 3. Nc3 Bb4 4. e3 O-O 5. a3 Bxc3+ 6. bxc3 d6 7. Ne2 c5 8. Ng3
Nc6 9. Be2 b6 10. O-O Ba6 11. e4 Na5 12. f4 Bxc4 13. f5 cxd4 14. cxd4 h6 15.
Bxc4 Nxc4 16. Rb1 Rc8 17. Rb3 e5 18. Nh5 exd4 19. Rg3 Ne3 20. Rxg7+ Kh8 21. Qxd4
Nxh5 22. Rxf7+ Nf6 23. Rxf8+ Qxf8 24. Bxe3 Re8 25. Rf4 Kh7 26. Rh4 Ng8 27. g4
Qg7 28. g5 Qe5 29. Qd1 1-0

[Event "Reykjavik Open 2026"]
[Site "Reykjavik ISL"]
[Date "2026.03.29"]
[Round "7.12"]
[White "Suleymenov, Alisher"]
[Black "Garifullina, Leya"]
[Result "1/2-1/2"]
[WhiteTitle "GM"]
[BlackTitle "IM"]
[WhiteElo "2523"]
[BlackElo "2454"]
[WhiteFideId "13707833"]
[BlackFideId "34127035"]
[EventDate "2026.03.25"]

1. e4 e5 2. Nf3 Nc6 3. Bb5 Nf6 4. d3 Bc5 5. Nc3 d6 6. Na4 Bb6 7. c3 O-O 8. O-O
Ne7 9. Nxb6 axb6 10. Ba4 Ng6 11. Bc2 Re8 12. Re1 b5 13. d4 Bd7 14. Bd3 h6 15. b4
Qc8 16. a3 c6 17. dxe5 dxe5 18. c4 bxc4 19. Bxc4 b5 20. Bf1 c5 21. Bb2 c4 22.
Qc2 Bc6 23. Re3 Ng4 24. Rc3 Qb7 25. Re1 Nf6 26. Rce3 Ng4 27. Rc3 Nf6 28. Rce3
Ng4 29. Rc3 1/2-1/2

[Event "Reykjavik Open 2026"]
[Site "Reykjavik ISL"]
[Date "2026.03.29"]
[Round "7.13"]
[White "Narva, Mai"]
[Black "Chasin, Nico"]
[Result "1-0"]
[WhiteTitle "IM"]
[BlackTitle "IM"]
[WhiteElo "2413"]
[BlackElo "2523"]
[WhiteFideId "4500512"]
[BlackFideId "30908477"]
[EventDate "2026.03.25"]

1. e4 c5 2. Nf3 d6 3. Bb5+ Nc6 4. O-O Bd7 5. Re1 a6 6. Bf1 e5 7. c3 g5 8. d4 g4
9. d5 gxf3 10. dxc6 Bxc6 11. Qxf3 Qf6 12. Qd1 Qg6 13. Nd2 b5 14. a4 Rb8 15. axb5
axb5 16. Ra6 Ne7 17. Nb3 Bg7 18. Na5 Bxe4 19. Rxd6 f6 20. Rd7 f5 21. Be3 Bf6 22.
Qd6 O-O 23. Bxc5 1-0

[Event "Reykjavik Open 2026"]
[Site "Reykjavik ISL"]
[Date "2026.03.29"]
[Round "7.14"]
[White "Tamas, Christian-Arrydan"]
[Black "Prraneeth, Vuppala"]
[Result "1/2-1/2"]
[WhiteTitle "FM"]
[BlackTitle "GM"]
[WhiteElo "2287"]
[BlackElo "2515"]
[WhiteFideId "1283740"]
[BlackFideId "46622373"]
[EventDate "2026.03.25"]

1. d4 Nf6 2. c4 e6 3. Nf3 d5 4. Nc3 c6 5. e3 Nbd7 6. Be2 Bd6 7. O-O O-O 8. b3
Ne4 9. Bb2 f5 10. Rc1 Qe7 11. Rc2 b6 12. Nxe4 fxe4 13. Ne5 Bb7 14. f3 Nxe5 15.
dxe5 Bc5 16. Bd4 exf3 17. Bxf3 dxc4 18. Bxc5 Qxc5 19. Qd4 Qxd4 20. exd4 Rad8 21.
Rd1 cxb3 22. axb3 Rf4 23. b4 Rfxd4 24. Rxd4 Rxd4 25. b5 Kf7 26. Ra2 a5 27. bxa6
Ba8 28. Rb2 b5 29. Rc2 b4 30. Rb2 Kg6 31. Kf2 Kf5 32. Ke3 Kxe5 33. Rc2 Rd8 34.
Rc4 b3 35. Re4+ Kd6 36. Rb4 c5 37. Rxb3 Bxf3 38. gxf3 Ra8 39. Ra3 Ra7 40. Kd3
Kd5 41. Kc3 g5 42. h3 Kc6 43. Kc4 Rf7 44. Ra1 Rf4+ 45. Kc3 Rxf3+ 46. Kc4 Rf4+
47. Kc3 Rf8 48. Kc4 Ra8 49. a7 Kb7 50. Re1 Re8 51. Kxc5 Rc8+ 52. Kd6 Rc3 53.
Kxe6 Rxh3 54. Kf5 h6 55. Re7+ Ka8 56. Kg4 Rh4+ 57. Kg3 Rh1 58. Rh7 h5 59. Kg2
Rh4 60. Kg3 Rg4+ 61. Kh3 1/2-1/2

[Event "Reykjavik Open 2026"]
[Site "Reykjavik ISL"]
[Date "2026.03.29"]
[Round "7.15"]
[White "Balakrishnan, Praveen"]
[Black "Sklokin, Sergey"]
[Result "1/2-1/2"]
[WhiteTitle "GM"]
[BlackTitle "FM"]
[WhiteElo "2496"]
[BlackElo "2414"]
[WhiteFideId "2064871"]
[BlackFideId "55730230"]
[EventDate "2026.03.25"]

1. e4 c6 2. d4 d5 3. e5 Bf5 4. Nf3 e6 5. Be2 Nd7 6. O-O Ne7 7. c3 h6 8. a4 a6 9.
a5 c5 10. dxc5 g5 11. Nd4 Nxe5 12. f4 Nd7 13. Nxf5 Nxf5 14. b4 Qc7 15. Bd3 Ne7
16. Qh5 Nf6 17. Qe2 g4 18. Nd2 Bg7 19. Bb2 Nc6 20. Rae1 O-O-O 21. Nb3 Ne4 22.
Bxe4 dxe4 23. Qxe4 Ne7 24. Qe2 Qc6 25. Qxg4 Rhg8 26. Qf3 Rd3 27. Qxc6+ Nxc6 28.
f5 Bxc3 29. Bxc3 Rxc3 30. fxe6 fxe6 31. Nc1 Nxb4 32. Rxe6 h5 33. Re5 h4 34. Ne2
Rc2 35. Nf4 Kb8 36. h3 Nc6 37. Rh5 Nxa5 38. Rf2 Rxf2 39. Kxf2 Nb3 40. c6 bxc6
41. Rxh4 a5 42. Nd3 Kb7 43. Rf4 Kb6 44. g4 Kb5 45. Nb2 c5 46. Kg3 Nd4 47. Rf7
Ra8 48. Nd3 a4 49. Nc1 a3 50. Rf2 c4 51. Na2 Kc5 52. h4 Rb8 53. h5 c3 54. h6 c2
55. g5 Rh8 56. Kg4 Kc4 57. Kh5 Kb3 58. g6 Ne6 59. h7 Kxa2 60. Rxc2+ Kb3 61. Rc6
a2 62. Rb6+ Kc2 63. Rc6+ Kb2 64. Rb6+ Kc2 65. Ra6 Kb2 66. Rb6+ 1/2-1/2

[Event "Reykjavik Open 2026"]
[Site "Reykjavik ISL"]
[Date "2026.03.29"]
[Round "7.16"]
[White "Liu, Bei"]
[Black "Yip, Carissa"]
[Result "0-1"]
[BlackTitle "IM"]
[WhiteElo "1963"]
[BlackElo "2486"]
[WhiteFideId "8603596"]
[BlackFideId "2090732"]
[EventDate "2026.03.25"]

1. e4 e5 2. Nf3 Nc6 3. Bb5 a6 4. Ba4 d6 5. O-O Bd7 6. c3 g6 7. d4 Bg7 8. h3 Nge7
9. Re1 O-O 10. Bc2 Qe8 11. d5 Nd8 12. c4 f5 13. exf5 gxf5 14. Nc3 Kh8 15. Nh2 b5
16. cxb5 axb5 17. f4 e4 18. Kh1 b4 19. Ne2 Ra5 20. Bb3 Ba4 21. Bd2 Nxd5 22. a3
Bxb3 23. Qxb3 Qa4 24. Qxa4 Rxa4 25. axb4 Rxa1 26. Rxa1 Bxb2 27. Ra2 Bg7 28. Nf1
Nc6 29. Rc2 Nd4 30. Nxd4 Bxd4 31. Ng3 Bb6 32. Ne2 Ra8 33. g4 Ra3 34. Bc3+ Kg8
35. gxf5 Kf7 36. Bd4 Bxd4 37. Nxd4 Rxh3+ 38. Kg1 Kf6 39. Nb5 Kxf5 40. Nxc7 Nxc7
41. Rxc7 Kxf4 42. b5 d5 43. b6 Rb3 44. Kf1 Ke5 45. Ke1 0-1

[Event "Reykjavik Open 2026"]
[Site "Reykjavik ISL"]
[Date "2026.03.29"]
[Round "7.17"]
[White "Plaskan, Jure"]
[Black "Yilmaz, Mustafa"]
[Result "0-1"]
[BlackTitle "GM"]
[WhiteElo "2237"]
[BlackElo "2582"]
[WhiteFideId "14605252"]
[BlackFideId "6302718"]
[EventDate "2026.03.25"]

1. e4 c5 2. Nf3 d6 3. d4 cxd4 4. Nxd4 Nf6 5. Nc3 a6 6. Bc4 e6 7. a4 Be7 8. O-O
O-O 9. Be3 Qc7 10. Bd3 Nc6 11. h3 Nb4 12. f4 e5 13. Nde2 Be6 14. a5 Rac8 15. Ra4
d5 16. fxe5 Nxe4 17. Bd4 Nc5 18. Ra1 Ncxd3 19. cxd3 Nc6 20. Bf2 Qxe5 21. d4 Qg5
22. Qd3 Bd6 23. Qf3 Qd8 24. Na4 Qxa5 25. Nc5 Qc7 26. Rac1 Qe7 27. Nf4 b6 28. Na4
Bxf4 29. Qxf4 Qb4 30. Ra1 Ne7 31. Be1 Qb5 32. Rf3 Ng6 33. Qg3 Rc4 34. Rb3 Qc6
35. Rxb6 Qc8 36. Bc3 Rc6 37. Rxc6 Qxc6 38. Nc5 Bc8 39. Qd3 Re8 40. Qf1 Nh4 41.
Nxa6 Bxh3 42. gxh3 Qg6+ 43. Kh2 Qc2+ 44. Kg1 Re3 45. Re1 Qg6+ 46. Kh2 Qg3+ 47.
Kh1 Nf3 48. Qg2 Rxe1+ 49. Bxe1 Qxe1+ 50. Qg1 Qxg1# 0-1

[Event "Reykjavik Open 2026"]
[Site "Reykjavik ISL"]
[Date "2026.03.29"]
[Round "7.18"]
[White "Mahalakshmi, M"]
[Black "Warmerdam, Max"]
[Result "1/2-1/2"]
[WhiteTitle "WIM"]
[BlackTitle "GM"]
[WhiteElo "2232"]
[BlackElo "2575"]
[WhiteFideId "5001080"]
[BlackFideId "1048104"]
[EventDate "2026.03.25"]

1. d4 e6 2. Nf3 Nf6 3. e3 b6 4. Bd3 Bb7 5. Nbd2 d5 6. O-O Bd6 7. c3 O-O 8. Re1
Ne4 9. Qc2 f5 10. Ne5 Bxe5 11. dxe5 Nd7 12. f4 Ndc5 13. Bf1 g5 14. b4 Nxd2 15.
bxc5 Ne4 16. Ba3 Rf7 17. Rad1 Rg7 18. Bd3 Nxc5 19. Bxc5 bxc5 20. Rb1 Bc6 21. Bb5
Bxb5 22. Rxb5 c6 23. Rb2 gxf4 24. exf4 Rb8 25. Reb1 Rxb2 26. Rxb2 h6 27. Qf2 d4
28. Rd2 Rd7 29. c4 Qa5 30. Rb2 Kh7 31. Rb8 Qc3 32. Qh4 Qe3+ 33. Kf1 Qc1+ 34. Kf2
Qc2+ 35. Kg1 Qc1+ 36. Kf2 Qc2+ 37. Kg1 Qd1+ 38. Kf2 Qd2+ 39. Kg1 Qe3+ 40. Kf1
Qd3+ 41. Kf2 Qd2+ 42. Kg1 d3 43. Rh8+ Kxh8 44. Qxh6+ Kg8 45. Qg6+ Kf8 46. Qf6+
Rf7 47. Qd8+ Kg7 48. Qg5+ Kh7 49. Qh4+ Kg8 50. Qd8+ Kg7 51. Qg5+ Kh7 52. Qh4+
Kg8 53. Qd8+ Rf8 54. Qg5+ Kf7 55. Qf6+ Ke8 56. Qxe6+ Kd8 57. Qd6+ Kc8 58. Qxc6+
Kb8 59. Qb5+ 1/2-1/2

[Event "Reykjavik Open 2026"]
[Site "Reykjavik ISL"]
[Date "2026.03.29"]
[Round "7.19"]
[White "Tiglon, Bryce"]
[Black "Vojtek, Vladimir"]
[Result "1-0"]
[WhiteTitle "GM"]
[BlackTitle "FM"]
[WhiteElo "2550"]
[BlackElo "2211"]
[WhiteFideId "2087456"]
[BlackFideId "14901919"]
[EventDate "2026.03.25"]

1. e4 c5 2. Nf3 d6 3. d4 cxd4 4. Nxd4 Nf6 5. Nc3 a6 6. Be2 e5 7. Nb3 Be7 8. Be3
Be6 9. f4 exf4 10. Bxf4 Nc6 11. Qd2 d5 12. exd5 Nxd5 13. Nxd5 Qxd5 14. O-O-O
Qxd2+ 15. Rxd2 O-O 16. Bf3 Rfd8 17. Rhd1 Rxd2 18. Rxd2 Rd8 19. Rxd8+ Nxd8 20.
Be3 Bxb3 21. axb3 Bd6 22. h3 Kf8 23. c3 Ke7 24. Kc2 Kd7 25. b4 Kc7 26. Kd3 Nc6
27. Bd5 f6 28. Be4 g6 29. Bd5 Ne7 30. Be6 Kc6 31. Bg4 Kc7 32. Bf3 Nc6 33. Bd5
Ne7 34. Bb3 Nf5 35. Bf2 Ne7 36. Bd4 f5 37. Bf6 Kd7 38. Bc4 Bg3 39. b5 axb5 40.
Bxb5+ Ke6 41. Bd4 g5 42. Bc4+ Kd6 43. Bf6 Ng6 44. Ke3 g4 45. hxg4 fxg4 46. Ke4
h5 47. Bf7 Nh4 48. Bxh5 Nxg2 49. Bxg4 Nh4 50. Bh5 Ke6 51. Bd4 Bh2 52. b4 Ng2 53.
b5 Bc7 54. Bg4+ Ke7 55. b6 Bd6 56. c4 Nf4 57. c5 Bb8 58. Bc8 Ne6 59. Be3 Nd8 60.
Bg5+ Ke8 61. Bf4 Bxf4 62. Kxf4 Ke7 63. Ke5 Nc6+ 64. Kd5 Na5 65. Bxb7 1-0

[Event "Reykjavik Open 2026"]
[Site "Reykjavik ISL"]
[Date "2026.03.29"]
[Round "7.20"]
[White "Vincenti, Leonardo"]
[Black "Can, Emre"]
[Result "0-1"]
[WhiteTitle "FM"]
[BlackTitle "GM"]
[WhiteElo "2226"]
[BlackElo "2541"]
[WhiteFideId "28550820"]
[BlackFideId "6302181"]
[EventDate "2026.03.25"]

1. e4 c5 2. Nf3 d6 3. d4 cxd4 4. Nxd4 Nf6 5. Nc3 a6 6. Be3 e5 7. Nb3 Be6 8. f3
h5 9. Nd5 Bxd5 10. exd5 Nbd7 11. Qd2 g6 12. O-O-O Bg7 13. Kb1 Rc8 14. c4 O-O 15.
Be2 e4 16. f4 Ng4 17. Bxg4 hxg4 18. Qe2 Nb6 19. c5 Na4 20. Bd4 dxc5 21. Bxg7
Kxg7 22. Qxe4 c4 23. f5 Qf6 24. Qd4 cxb3 25. Qxa4 bxa2+ 26. Ka1 gxf5 27. h3 Rfe8
28. hxg4 Re2 29. Qb3 Rcc2 30. Rh3 Rxb2 31. Qc3 Qxc3 32. Rxc3 fxg4 33. Rg3 f5 34.
Rgd3 Kf7 35. d6 Rb1+ 36. Rxb1 axb1=Q+ 37. Kxb1 Ke8 0-1

[Event "Reykjavik Open 2026"]
[Site "Reykjavik ISL"]
[Date "2026.03.29"]
[Round "7.21"]
[White "Matsumura, Cocoro"]
[Black "Maze, Sebastien"]
[Result "0-1"]
[WhiteTitle "CM"]
[BlackTitle "GM"]
[WhiteElo "2202"]
[BlackElo "2530"]
[WhiteFideId "36087114"]
[BlackFideId "613762"]
[EventDate "2026.03.25"]

1. e4 g6 2. d4 c6 3. h3 d5 4. e5 b6 5. Nc3 Ba6 6. Nce2 h5 7. e6 Nh6 8. exf7+
Nxf7 9. Nf3 Qd6 10. c3 Nd7 11. Nf4 Bxf1 12. Kxf1 g5 13. Nd3 Qg6 14. Qe2 Bg7 15.
h4 g4 16. Ng5 Nf8 17. Nf4 Qd6 18. Nfe6 Nxe6 19. Nxe6 Be5 20. Ng5 Bf6 21. g3 Qd7
22. Qd3 Bxg5 23. hxg5 O-O-O 24. g6 Nd6 25. g7 Rhg8 26. Qg6 Qf5 27. Qxf5+ Nxf5
28. Rxh5 Nxg7 29. Rg5 Ne6 30. Rxg8 Rxg8 31. Bd2 Kd7 32. Re1 Nf8 33. Re5 Nh7 34.
Kg2 Nf6 35. Bg5 Ne4 36. Bxe7 Rg7 37. Bh4 Rf7 38. Kg1 Nxf2 39. Re2 Ne4 40. Kg2
Rf3 41. a4 a5 42. Kg1 Rd3 43. Re1 Rd2 44. Rb1 Rc2 45. Rf1 Rxb2 46. Rf7+ Ke6 47.
Rg7 b5 48. Rg6+ Kf5 49. Rxc6 bxa4 50. Be7 Nxg3 51. c4 Ne2+ 52. Kf1 Nxd4 53. Rc5
Nf3 54. Rxd5+ Ke6 55. Ba3 Ra2 56. Bd6 Nd2+ 0-1

[Event "Reykjavik Open 2026"]
[Site "Reykjavik ISL"]
[Date "2026.03.29"]
[Round "7.22"]
[White "Birkisson, Bjorn Holm"]
[Black "Gupta, Abhijeet"]
[Result "0-1"]
[WhiteTitle "CM"]
[BlackTitle "GM"]
[WhiteElo "2200"]
[BlackElo "2506"]
[WhiteFideId "2310600"]
[BlackFideId "5010608"]
[EventDate "2026.03.25"]

1. d4 Nf6 2. c4 g6 3. Nc3 Bg7 4. e4 d6 5. Bd3 O-O 6. Nge2 a6 7. O-O c6 8. a4 a5
9. h3 Na6 10. Be3 Nb4 11. Bb1 e5 12. d5 Qe7 13. Qd2 Nh5 14. Rd1 c5 15. Ra3 Bd7
16. Nb5 Kh8 17. g4 Nf6 18. Bg5 Bxb5 19. axb5 Qe8 20. Kg2 Ng8 21. Ng3 f6 22. Be3
Qd7 23. Qe2 Bh6 24. Qf3 Kg7 25. Rh1 Rf7 26. Kf1 Bg5 27. Rg1 Ne7 28. Qd1 b6 29.
Qd2 Bh4 30. Ne2 Kh8 31. f3 f5 32. exf5 gxf5 33. Bg5 Bxg5 34. Qxg5 Raf8 35. Bxf5
Nxf5 36. gxf5 Rxf5 37. Qg4 Qf7 38. Kf2 Nc2 39. Rc3 Nd4 40. Rg3 e4 41. Ng1 Re5
42. Re3 Nf5 43. Rxe4 Rxe4 44. Qxe4 Nxg3 45. Kxg3 Qg7+ 46. Kf2 Qxb2+ 47. Ne2 a4
48. f4 a3 49. Qe7 Qg7 0-1

[Event "Reykjavik Open 2026"]
[Site "Reykjavik ISL"]
[Date "2026.03.29"]
[Round "7.23"]
[White "Chen, Qi b"]
[Black "Mannion, Stephen R"]
[Result "1/2-1/2"]
[WhiteTitle "IM"]
[BlackTitle "IM"]
[WhiteElo "2484"]
[BlackElo "2202"]
[WhiteFideId "8614733"]
[BlackFideId "2400111"]
[EventDate "2026.03.25"]

1. c4 e5 2. g3 Nf6 3. Bg2 c6 4. Nf3 e4 5. Nd4 d5 6. cxd5 Qb6 7. Nb3 a5 8. d3 a4
9. N3d2 exd3 10. O-O cxd5 11. exd3 Nc6 12. Nc3 Qa5 13. Nf3 Be7 14. Re1 O-O 15.
a3 Re8 16. h3 h6 17. g4 d4 18. Ne2 Qb6 19. Nf4 g5 20. Ne2 Be6 21. b4 axb3 22.
Bb2 Ra4 23. Ng3 Rea8 24. Rxe6 fxe6 25. Qe2 Nd8 26. Ne5 Nf7 27. Nc4 Rxc4 28. dxc4
Rd8 29. Rd1 Bc5 30. Rd3 Kg7 31. Rf3 Be7 32. Rxf6 Bxf6 33. Nh5+ Kf8 34. Nxf6 d3
35. Qd2 Qc5 36. Nh7+ Ke8 37. Nf6+ Kf8 38. Nh7+ Ke8 39. Nf6+ 1/2-1/2

[Event "Reykjavik Open 2026"]
[Site "Reykjavik ISL"]
[Date "2026.03.29"]
[Round "7.24"]
[White "Lavrencic, Matic"]
[Black "Zhang, Jiabao"]
[Result "1-0"]
[WhiteTitle "IM"]
[WhiteElo "2472"]
[BlackElo "2184"]
[WhiteFideId "14637847"]
[BlackFideId "8606560"]
[EventDate "2026.03.25"]

1. e4 c5 2. Nf3 d6 3. d4 cxd4 4. Nxd4 Nf6 5. Nc3 Nc6 6. Bg5 e6 7. Qd2 a6 8.
O-O-O h6 9. Be3 Ng4 10. Nxc6 bxc6 11. Bf4 e5 12. Bg3 Be7 13. Kb1 Rb8 14. Bc4 Be6
15. Bxe6 fxe6 16. Qe2 Nf6 17. Qxa6 Qb6 18. Qxb6 Rxb6 19. f3 Kf7 20. b3 Ra6 21.
Na4 Rha8 22. c4 Nd7 23. Rd2 c5 24. Nc3 Nb8 25. Nb5 Bg5 26. f4 exf4 27. h4 Be7
28. Bxf4 e5 29. Be3 Rc6 30. Rf2+ Ke6 31. Nc3 Nd7 32. Nd5 Nf6 33. Nxf6 Bxf6 34.
h5 Rca6 35. Rh3 Rf8 36. Rg3 Raa8 37. Rg6 Rf7 38. g4 Rh8 39. Rf5 Kd7 40. Kb2 Kc6
41. Bd2 Kd7 42. a3 Kc6 43. b4 cxb4 44. axb4 Ra7 45. b5+ Kb7 46. g5 hxg5 47. h6
Kc8 48. hxg7 Bxg7 49. Rfxg5 Rh2 50. Rxd6 Bf8 51. Rg8 Rf7 52. Rd3 Kc7 53. Kb3 Rf1
54. Ba5+ 1-0